A GEVAG hajósi-zöldhegyi vadászkerületének szarvasgazdálkodása
Elmentve itt :
| Szerző: | |
|---|---|
| További közreműködők: | |
| Dokumentumtípus: | Szakdolgozat |
| Megjelent: |
1977
|
| Kulcsszavak: | Vadgazdálkodás Szarvasgazdálkodás |
| Tárgyszavak: | |
| Online Access: | http://diploma.bibl.u-szeged.hu/98231 |
| LEADER | 00754nta a2200229 i 4500 | ||
|---|---|---|---|
| 001 | dipl98231 | ||
| 005 | 20220127200202.0 | ||
| 008 | 220127s1977 hu om 0|| hun d | ||
| 040 | |a SZTE Diploma Repozitórium |b hun | ||
| 041 | |a hun | ||
| 100 | 1 | |a Szabó László | |
| 245 | 1 | 2 | |a A GEVAG hajósi-zöldhegyi vadászkerületének szarvasgazdálkodása |h [elektronikus dokumentum] / |c László Szabó |
| 260 | |c 1977 | ||
| 300 | |a 36 | ||
| 650 | 4 | |a Agrár | |
| 650 | 4 | |a Agricultural sciences | |
| 650 | 4 | |a Agriculture, forestry and fisheries | |
| 650 | 4 | |a Forestry | |
| 695 | |a Vadgazdálkodás | ||
| 695 | |a Szarvasgazdálkodás | ||
| 700 | 1 | |a Fekete Gyula |e ths | |
| 856 | 4 | 0 | |u http://diploma.bibl.u-szeged.hu/id/eprint/98231/1/1977_szabo_laszlo.pdf |z Dokumentum-elérés |